1298 1700 1463 1909 1182 1564 1183 1683 1293 1185 1204 1346 1127 1304 1966 1524 1050 1753 1880 1022 1437 1471 1968 1277 1375 1151 1818 1403 1061 1030 1473 1291 1779 1036 1706 1720 1647 1763 1344 1876 1502 1299 1524 1265 1410 1614 1851 1407 1949 1287 1503 1797 1198 1765 1599 1262 1669 1420 1264 1779 1982 1557 1298 1461 1407 1901 1756 1060 1256 1497 1467 1956 1320 1328 1061 1258 1500 1876 1780 1044 1085 1097 1643 1796 1984 1755 1051 1586 1086 1957 1020 1191 1030 1318 1404 1997 1308 1332 1251 BCNSPRNW ULIB Ver.6.0+V

เปลี่ยนเป็นภาษาไทย

Change to English
 แสดงรายละเอียดบรรณานุกรม
  กลับหน้าหลัก

Brief Record : Get Marc (ISO 2709) : E-mail record : QR code < ปิดหน้าต่าง
LEADER : 00000nam 2200000uu 4500
001    13399124617
003     ULIB
008    151022s2558||||th 000 0 tha d
060 04 ^aW84.1^bค622
245 00 ^aคุณภาพการดูแลรักษาทางการแพทย์ :^bทบทวนสถานการณ์และวรรณกรรม = QMC quality of medical care : situation and literature review /^cบรรณาธิการ, สมเกียรติ โพธิสัตย์
246 31 ^aQMC quality of medical care :^bsituation and literature review
260    ^aนนทบุรี :^bสำนักวิชาการแพทย์ กรมการแพทย์ กระทรวงสาธารณสุข,^c2558
300    ^a66, [1-1-11-9] หน้า ;^c30 ซม.
650  2 ^aMedicine
650  4 ^aการแพทย์^vรวมเรื่อง
700 0  ^aสมเกียรติ โพธิสัตย์,^eบรรณาธิการ
710 2  ^aกรมการแพทย์.^bสำนักวิชาการแพทย์
945    ^p0^l0^i000149
999    ^aเกษร โพธิ์สุวรรณ
รายการนี้ยังไม่มีแท็ก
คุณยังไม่ได้ล็อกอิน คุณสามารถมีกิจกรรมร่วมกับเว็บไซต์ได้ แต่ต้องล็อกอินก่อน ::
  ล็อกอิน

รายการสื่อสารสนเทศ

ลำดับที่ ประเภท เลขเรียก/บาร์โค้ด สถานที่ สถานะ
1. วิทยาศาสตร์การแพทย์ และสุขภาพ
วิทยาศาสตร์การแพทย์ และสุขภาพ
สถานะ=หนังสือเก่า
W84.1 ค622 ฉ.1 
  Barcode: 000149
ห้องสมุดวิทยาเขตสวรรค์ประชารักษ์
►ส่วนจัดเก็บหนังสือเก่า สปร
บนชั้น
  ขอยืม

รายการใกล้เคียง
    หัวเรื่อง [Medicine]

BibComment


ยังไม่เคยถูกคอมเมนท์

คอมเมนท์ทรัพยากรรายการนี้
  คอมเมนท์: คุณภาพการดูแลรัก..


 Copyright 2026. Bcnsprnw @Library